00318nam a22001457a 450000500170000000800410001702000180005804100080007608200100008410000160009424500180011026000200012830000080014865000160015620160627111527.0160627b xxu||||| |||| 00| 0 eng d a81-85939-90-3 aeng b10267 aKumar, H.D. aBiotechnology bEast Westc2003 a590 aAgriculture